Statistics for Geopolitical Figures in the mid to late 20th Century #3

Click here to take the quiz!

General Stats

  • This quiz has been taken 9 times
  • The average score is 5 of 25

Answer Stats

Answer% Correct
Grace Kelly
67%
Golda Meir
56%
Juan Carlos I
56%
Haile Selassie
44%
Willy Brandt
44%
Manuel Noriega
33%
Moshe Dayan
33%
Showa
33%
François Mitterrand
22%
Park Chung Hee
22%
Pierre Elliott Trudeau
22%
Bob Hawke
11%
Gro Harlem Brundtland
11%
King Fahd
11%
Alberto Fujimori
0%
François Duvalier
0%
João Goulart
0%
Julius Nyerere
0%
King Farouk I
0%
Lee Kuan Yew
0%
Muhammad Zia-ul-Haq
0%
Patrice Lumumba
0%
P. W. Botha
0%
Queen Juliana
0%
Violeta Chamorro
0%

Score Distribution

Percentile by Number Answered

Percent of People with Each Score

Your Score History

You have not taken this quiz